Takalam ul Arabia part 1. (Record no. 11462)
[ view plain ]
| 000 -LEADER | |
|---|---|
| fixed length control field | 00254nam a22001217a 4500 |
| 082 ## - DEWEY DECIMAL CLASSIFICATION NUMBER | |
| Classification number | 492 |
| 100 ## - MAIN ENTRY--PERSONAL NAME | |
| Personal name | Ismail, Mahmood |
| 245 ## - TITLE STATEMENT | |
| Title | Takalam ul Arabia part 1. |
| 300 ## - PHYSICAL DESCRIPTION | |
| Extent | 89 p. |
| 650 ## - SUBJECT ADDED ENTRY--TOPICAL TERM | |
| Topical term or geographic name entry element | Arabic language. |
| 700 ## - ADDED ENTRY--PERSONAL NAME | |
| Personal name | Mahmood Ismail |
| 942 ## - ADDED ENTRY ELEMENTS (KOHA) | |
| Koha item type | Book |
| Withdrawn status | Lost status | Damaged status | Not for loan | Collection code | Permanent Location | Current Location | Shelving location | Date acquired | Source of acquisition | Cost, normal purchase price | Total Checkouts | Full call number | Barcode | Date last seen | Date last checked out | Price effective from | Koha item type |
|---|---|---|---|---|---|---|---|---|---|---|---|---|---|---|---|---|---|
| Central Library (CL) | Central Library (CL) | General Stacks | 12/05/2012 | University book and stationary shop IIU Islamabad | 137.50 | 1 | 492 ISM | SEECS011710 | 05/30/2025 | 02/21/2024 | 12/21/2012 | Book |
